[Event "HUN-ch Blitz"]
[Site "Ajka"]
[Date "2024.07.19"]
[Round "6"]
[White "Fridman, Daniel"]
[Black "Gelfand, Boris"]
[Result "1/2-1/2"]
[WhiteElo "2591"]
[BlackElo "2658"]
[PlyCount "37"]
[EventDate "2024.07.19"]
[EventType "swiss (blitz)"]
[EventRounds "13"]
[EventCountry "HUN"]
[SourceTitle "CBM 221 Extra"]
[Source "ChessBase"]
[SourceDate "2024.09.30"]
[SourceVersion "1"]
[SourceVersionDate "2024.09.30"]
[SourceQuality "1"]

1. Nf3 c5 2. g3 Nc6 3. d4 cxd4 4. Nxd4 g6 5. Bg2 Bg7 6. c3 Nf6 7. 0-0 d5 8. Nd2 Nxd4 9. cxd4 0-0 10. b3 Bf5 11. Bb2 Rc8 12. Nf3 Qa5 13. Ne1 Ne4 14. Nd3 Nc3 15. Qd2 Bxd4 16. Nf4 Qb6 17. Nxd5 Nxd5 18. Bxd4 Qd6 19. e4 1/2-1/2

[Event "HUN-ch Blitz"]
[Site "Ajka"]
[Date "2024.07.19"]
[Round "3"]
[White "Gelfand, Boris"]
[Black "Czebe, Attila"]
[Result "1-0"]
[WhiteElo "2658"]
[BlackElo "2323"]
[PlyCount "31"]
[EventDate "2024.07.19"]
[EventType "swiss (blitz)"]
[EventRounds "13"]
[EventCountry "HUN"]
[SourceTitle "CBM 221 Extra"]
[Source "ChessBase"]
[SourceDate "2024.09.30"]
[SourceVersion "1"]
[SourceVersionDate "2024.09.30"]
[SourceQuality "1"]

1. Nf3 b6 2. e4 Bb7 3. Nc3 c5 4. d4 cxd4 5. Nxd4 a6 6. Bg5 d6 7. Bc4 Nf6 8. Bxf6 gxf6 9. Qh5 d5 10. Nxd5 e5 11. Ne6 Bxd5 12. Bxd5 Qe7 13. Nxf8 Ra7 14. Ne6 Qb4+ 15. c3 Qxb2 16. 0-0 1-0

[Event "HUN-ch Blitz"]
[Site "Ajka"]
[Date "2024.07.19"]
[Round "10"]
[White "Khotenashvili, Bela"]
[Black "Gelfand, Boris"]
[Result "0-1"]
[WhiteElo "2427"]
[BlackElo "2658"]
[PlyCount "52"]
[EventDate "2024.07.19"]
[EventType "swiss (blitz)"]
[EventRounds "13"]
[EventCountry "HUN"]
[SourceTitle "CBM 221 Extra"]
[Source "ChessBase"]
[SourceDate "2024.09.30"]
[SourceVersion "1"]
[SourceVersionDate "2024.09.30"]
[SourceQuality "1"]

1. Nf3 c5 2. g3 Nc6 3. Bg2 g6 4. c4 Bg7 5. Nc3 d6 6. a3 e6 7. Rb1 Nge7 8. b4 0-0 9. 0-0 b6 10. Qc2 Bb7 11. d3 Qd7 12. e4 Rac8 13. Ne2 Nd4 14. Nexd4 cxd4 15. Qb3 Kh8 16. Bb2 e5 17. Nd2 f5 18. f3 Ng8 19. Rbc1 Nf6 20. a4 Bh6 21. Rc2 Be3+ 22. Kh1 Qg7 23. Bc1 Qh6 24. c5 Nh5 25. Bh3 Nxg3+ 26. Kg2 Ne2 0-1